[Event "BL2-Ost 2122"]
[Site "Germany"]
[Date "2022.06.19"]
[Round "8.6"]
[White "Ott, Florian"]
[Black "Dudin, Gleb"]
[Result "0-1"]
[WhiteElo "2292"]
[BlackElo "2495"]
[PlyCount "80"]
[EventDate "2022.03.05"]
[EventType "team-tourn"]
[EventRounds "10"]
[EventCountry "GER"]
[SourceTitle "EXT 2023"]
[Source "ChessBase"]
[SourceDate "2022.10.05"]
[SourceVersion "1"]
[SourceVersionDate "2022.10.05"]
[SourceQuality "1"]
[WhiteTeam "Erlangen"]
[BlackTeam "Deggendorf"]
[WhiteTeamCountry "GER"]
[BlackTeamCountry "GER"]

1. d4 Nf6 2. c4 e6 3. Nc3 Bb4 4. e3 0-0 5. Nge2 Re8 6. a3 Bf8 7. Ng3 d5 8. Be2 b6 9. 0-0 Bb7 10. b4 Nbd7 11. Bb2 g6 12. Rc1 h5 13. cxd5 exd5 14. Bf3 a6 15. Qb3 h4 16. Nge2 c6 17. Qc2 Nh7 18. Nf4 Ng5 19. Be2 Bg7 20. h3 Nf6 21. a4 Rc8 22. Bd3 Qd6 23. Qb3 b5 24. Rc2 Bf8 25. Ba3 Nd7 26. a5 Qf6 27. Bc1 Bd6 28. Nfe2 Qg7 29. f3 Ne6 30. Bd2 Bb8 31. Be1 c5 32. bxc5 Ndxc5 33. dxc5 Nxc5 34. Qb1 Nxd3 35. Bxh4 Qe5 36. Bg3 Qxe3+ 37. Kh2 Bxg3+ 38. Nxg3 Nf4 39. Nd1 Qe5 40. Rd2 d4 0-1

[Event "Oberliga Bayern 1819"]
[Site "Bayern"]
[Date "2018.11.11"]
[Round "2.5"]
[White "Kleibel, Uwe"]
[Black "Ott, Florian"]
[Result "0-1"]
[WhiteElo "2159"]
[BlackElo "2298"]
[PlyCount "82"]
[EventDate "2018.10.21"]
[EventType "team-tourn"]
[EventRounds "9"]
[EventCountry "GER"]
[SourceTitle "EXT 2020"]
[Source "ChessBase"]
[SourceDate "2019.10.17"]
[SourceVersion "1"]
[SourceVersionDate "2019.10.17"]
[SourceQuality "1"]
[WhiteTeam "Regensburg Bavaria"]
[BlackTeam "Erlangen SC"]
[WhiteTeamCountry "GER"]
[BlackTeamCountry "GER"]

1. e4 c5 2. Nf3 d6 3. d4 cxd4 4. Nxd4 Nf6 5. Nc3 a6 6. Bg5 e6 7. f4 Qb6 8. Qd3 Qxb2 9. Rb1 Qa3 10. f5 Be7 11. fxe6 fxe6 12. Be2 Qa5 13. Bd2 Qc7 14. g4 h6 15. Qh3 0-0 16. g5 hxg5 17. Nxe6 Qc6 18. Rf1 Nxe4 19. Rxf8+ Bxf8 20. Nxe4 Qxe4 21. Nxg5 Qxe2+ 22. Kxe2 Bxh3 23. Nxh3 b5 24. Nf4 Nc6 25. Kd3 Ne5+ 26. Ke4 Rc8 27. c3 Rc4+ 28. Kd5 Nf3 29. Be3 Rxc3 30. Bb6 Nxh2 31. Ke6 Nf3 32. Nd5 Rc4 33. Rf1 Re4+ 34. Kd7 Ne5+ 35. Kc8 Re2 36. a3 Ra2 37. Bc7 Nc4 38. Kd7 Re2 39. Bd8 Ne3 40. Nxe3 Rxe3 41. Bb6 Re4 0-1

[Event "BL2-Ost 1718"]
[Site "Germany"]
[Date "2017.10.21"]
[Round "1.4"]
[White "Cech, Pavel"]
[Black "Ott, Florian"]
[Result "1-0"]
[WhiteElo "2364"]
[BlackElo "2345"]
[PlyCount "55"]
[EventDate "2017.10.21"]
[EventType "team-tourn"]
[EventRounds "10"]
[EventCountry "GER"]
[SourceTitle "CBM 183 Extra"]
[Source "ChessBase"]
[SourceDate "2018.04.19"]
[SourceVersion "1"]
[SourceVersionDate "2018.04.19"]
[SourceQuality "1"]
[WhiteTeam "Bindlach"]
[BlackTeam "Erlangen"]
[WhiteTeamCountry "GER"]
[BlackTeamCountry "GER"]

1. e4 c5 2. Nf3 d6 3. Bb5+ Bd7 4. a4 Nc6 5. d3 g6 6. 0-0 Bg7 7. Nbd2 Nf6 8. Nc4 0-0 9. Re1 Rc8 10. Bg5 h6 11. Bh4 Bg4 12. Bxc6 Rxc6 13. e5 Bxf3 14. Qxf3 dxe5 15. Rxe5 Qd4 16. Bxf6 Bxf6 17. Rd5 Qh4 18. Rd7 Bd4 19. Qg3 Qh5 20. c3 Bf6 21. Rxb7 Re6 22. Qf3 Rd8 23. Qxh5 gxh5 24. Rxa7 Rxd3 25. a5 Re4 26. Ne3 Rd2 27. Rb7 Rf4 28. a6 1-0

[Event "BL2-Ost 1617"]
[Site "Germany"]
[Date "2017.03.19"]
[Round "10.4"]
[White "Cech, Pavel"]
[Black "Ott, Florian"]
[Result "1/2-1/2"]
[WhiteElo "2355"]
[BlackElo "2299"]
[PlyCount "30"]
[EventDate "2016.10.14"]
[EventType "team-tourn"]
[EventRounds "10"]
[EventCountry "GER"]
[SourceTitle "CBM 177 Extra"]
[Source "ChessBase"]
[SourceDate "2017.04.27"]
[SourceVersion "1"]
[SourceVersionDate "2017.04.27"]
[SourceQuality "1"]
[WhiteTeam "Bindlach"]
[BlackTeam "Forchheim"]
[WhiteTeamCountry "GER"]
[BlackTeamCountry "GER"]

1. e4 c5 2. Nf3 d6 3. d4 cxd4 4. Nxd4 Nf6 5. Nc3 a6 6. Be3 e5 7. Nde2 Be7 8. Ng3 Be6 9. Be2 0-0 10. Nh5 Nbd7 11. 0-0 Rc8 12. Nxf6+ Nxf6 13. Bf3 b5 14. Qd2 Qc7 15. a3 Rfd8 1/2-1/2

[Event "BL2-Ost 1617"]
[Site "Germany"]
[Date "2016.11.20"]
[Round "4.3"]
[White "Nestorovic, Nikola"]
[Black "Ott, Florian"]
[Result "1-0"]
[WhiteElo "2507"]
[BlackElo "2299"]
[PlyCount "105"]
[EventDate "2016.10.14"]
[EventType "team-tourn"]
[EventRounds "10"]
[EventCountry "GER"]
[SourceTitle "CBM 177 Extra"]
[Source "ChessBase"]
[SourceDate "2017.04.27"]
[SourceVersion "1"]
[SourceVersionDate "2017.04.27"]
[SourceQuality "1"]
[WhiteTeam "Goeggingen"]
[BlackTeam "Forchheim"]
[WhiteTeamCountry "GER"]
[BlackTeamCountry "GER"]

1. e4 c5 2. Nf3 d6 3. d4 cxd4 4. Nxd4 Nf6 5. Nc3 a6 6. h3 e6 7. g4 Be7 8. g5 Nfd7 9. h4 b5 10. a3 Bb7 11. Be3 Nb6 12. f4 N8d7 13. f5 e5 14. f6 exd4 15. fxe7 Qxe7 16. Qxd4 0-0 17. 0-0-0 Na4 18. Nxa4 Qxe4 19. Qxe4 Bxe4 20. Rh2 bxa4 21. Rxd6 Ne5 22. Bxa6 Nf3 23. Rh3 Ne1 24. Bd3 Nxd3+ 25. cxd3 Rac8+ 26. Kd2 Bf5 27. Rf3 Be6 28. Bd4 Rfd8 29. Rxd8+ Rxd8 30. Rf4 Bb3 31. Re4 Bd5 32. Re7 Bb3 33. Ke3 Kf8 34. Bc5 Kg8 35. Bd4 Kf8 36. Ra7 Re8+ 37. Kf4 Rd8 38. Bc5+ Kg8 39. d4 h6 40. Ke4 hxg5 41. hxg5 Bc2+ 42. Ke5 Bb3 43. Be7 Rd5+ 44. Ke4 Rb5 45. Bc5 Kh7 46. Ra6 Bd1 47. Rc6 Rxb2 48. d5 Rb3 49. Rc7 Bf3+ 50. Kd4 Rb1 51. d6 Rd1+ 52. Ke3 Bg4 53. Bd4 1-0

[Event "BL2-Ost 1617"]
[Site "Germany"]
[Date "2016.11.19"]
[Round "3.3"]
[White "Ott, Florian"]
[Black "Gasthofer, Alexander"]
[Result "1-0"]
[WhiteElo "2299"]
[BlackElo "2437"]
[PlyCount "103"]
[EventDate "2016.10.14"]
[EventType "team-tourn"]
[EventRounds "10"]
[EventCountry "GER"]
[SourceTitle "CBM 177 Extra"]
[Source "ChessBase"]
[SourceDate "2017.04.27"]
[SourceVersion "1"]
[SourceVersionDate "2017.04.27"]
[SourceQuality "1"]
[WhiteTeam "Forchheim"]
[BlackTeam "Bad Mergentheim"]
[WhiteTeamCountry "GER"]
[BlackTeamCountry "GER"]

1. Nf3 d5 2. c4 c6 3. e3 Nf6 4. Nc3 e6 5. b3 Nbd7 6. Qc2 Bd6 7. Bb2 0-0 8. Rg1 e5 9. g4 d4 10. exd4 exd4 11. Nxd4 Ne5 12. g5 Nh5 13. 0-0-0 c5 14. Nf5 Nf3 15. Nd5 Nxg1 16. Nxg7 Nxg7 17. Nf6+ Qxf6 18. gxf6 Bf5 19. Bd3 Ne2+ 20. Kb1 Bg6 21. fxg7 Rfe8 22. Bxg6 hxg6 23. h4 Nf4 24. Qc3 Re7 25. Qf6 Re6 26. Qg5 f5 27. Qh6 Kf7 28. g8R Rxg8 29. Qh7+ Kf8 30. Qxb7 Re7 31. Qc6 Re6 32. Qd7 Be7 33. d4 cxd4 34. Qxd4 Rd6 35. Qxd6 Bxd6 36. Rxd6 Ke7 37. Ra6 Nd3 38. Rxa7+ Kd6 39. Bd4 Re8 40. Ra6+ Kd7 41. Rxg6 Re4 42. Bb6 Re2 43. c5 Rb2+ 44. Ka1 Rd2 45. c6+ Ke7 46. Rg1 Kd6 47. c7 Kd7 48. Be3 Rc2 49. Rd1 Rc3 50. Bd4 Rc1+ 51. Rxc1 Nxc1 52. h5 1-0

[Event "GER-chT Lands U20"]
[Site "Hannover"]
[Date "2016.10.05"]
[Round "7.1"]
[White "Ott, Florian"]
[Black "Walter, Kevin"]
[Result "1-0"]
[WhiteElo "2297"]
[BlackElo "2140"]
[PlyCount "57"]
[EventDate "2016.10.01"]
[EventType "team-swiss"]
[EventRounds "7"]
[EventCountry "GER"]
[SourceTitle "CBM 174 Extra"]
[Source "ChessBase"]
[SourceDate "2016.10.10"]
[SourceVersion "1"]
[SourceVersionDate "2016.10.10"]
[SourceQuality "1"]
[WhiteTeam "Bayern"]
[BlackTeam "Wuerttemberg"]
[WhiteTeamCountry "GER"]
[BlackTeamCountry "GER"]

1. Nf3 Nf6 2. c4 g6 3. Nc3 d5 4. cxd5 Nxd5 5. h4 Bg7 6. h5 Nc6 7. h6 Bf6 8. Ne4 e5 9. Nxf6+ Qxf6 10. d3 Qe7 11. g3 Bg4 12. Bg2 0-0 13. 0-0 Kh8 14. Qb3 Rad8 15. Qxb7 Ndb4 16. Bd2 Bxf3 17. Bxf3 Rb8 18. Bxb4 Nxb4 19. Qxa7 Nc2 20. Rac1 Rxb2 21. Rb1 Rxb1 22. Rxb1 Nd4 23. Rb8 Ne6 24. a4 Qg5 25. Rxf8+ Nxf8 26. Qxc7 Qxh6 27. Qxf7 Qc1+ 28. Kg2 Qc8 29. Qf6+ 1-0

[Event "GER-chT Lands U20"]
[Site "Hannover"]
[Date "2016.10.04"]
[Round "6.1"]
[White "Carow, Johannes"]
[Black "Ott, Florian"]
[Result "1-0"]
[WhiteElo "2391"]
[BlackElo "2297"]
[PlyCount "40"]
[EventDate "2016.10.01"]
[EventType "team-swiss"]
[EventRounds "7"]
[EventCountry "GER"]
[SourceTitle "CBM 174 Extra"]
[Source "ChessBase"]
[SourceDate "2016.10.10"]
[SourceVersion "1"]
[SourceVersionDate "2016.10.10"]
[SourceQuality "1"]
[WhiteTeam "Rheinland Pfalz"]
[BlackTeam "Bayern"]
[WhiteTeamCountry "GER"]
[BlackTeamCountry "GER"]

1. d4 Nf6 2. c4 e6 3. Nc3 Bb4 4. Qc2 0-0 5. a3 Bxc3+ 6. Qxc3 b6 7. Bg5 Bb7 8. f3 h6 9. Bh4 d5 10. e3 Nbd7 11. cxd5 Nxd5 12. Bxd8 Nxc3 13. Bh4 Nd5 14. Bf2 c5 15. e4 Ne7 16. Ne2 Ba6 17. 0-0-0 Rfc8 18. Kb1 Kf8 19. Nc3 Bxf1 20. Rhxf1 a6 1-0

[Event "GER-chT Lands U20"]
[Site "Hannover"]
[Date "2016.10.03"]
[Round "5.1"]
[White "Ott, Florian"]
[Black "Bauer, Andreas1111"]
[Result "1-0"]
[WhiteElo "2297"]
[BlackElo "2235"]
[PlyCount "105"]
[EventDate "2016.10.01"]
[EventType "team-swiss"]
[EventRounds "7"]
[EventCountry "GER"]
[SourceTitle "CBM 174 Extra"]
[Source "ChessBase"]
[SourceDate "2016.10.10"]
[SourceVersion "1"]
[SourceVersionDate "2016.10.10"]
[SourceQuality "1"]
[WhiteTeam "Bayern"]
[BlackTeam "Baden"]
[WhiteTeamCountry "GER"]
[BlackTeamCountry "GER"]

1. d4 d5 2. c4 e6 3. Nc3 Be7 4. cxd5 exd5 5. Bf4 c6 6. e3 Bf5 7. g4 Be6 8. Bd3 Nd7 9. h3 Nb6 10. Nf3 Bd6 11. Bxd6 Qxd6 12. Kf1 Ne7 13. Kg2 h5 14. Ng5 0-0-0 15. Qf3 f6 16. Nxe6 Qxe6 17. b4 hxg4 18. hxg4 Qd6 19. a3 Kb8 20. Qg3 Nc4 21. a4 Qxg3+ 22. Kxg3 b6 23. Ne2 a5 24. Rxh8 Rxh8 25. Bxc4 dxc4 26. bxa5 bxa5 27. Rc1 Kc7 28. Rxc4 Rh1 29. Rc5 Kb6 30. Nc1 Nc8 31. Kg2 Rh4 32. f3 Nd6 33. Nb3 Nb7 34. Rc1 Rh8 35. Nd2 Nd6 36. e4 g5 37. e5 fxe5 38. dxe5 Re8 39. Rb1+ Ka6 40. Re1 Nb7 41. Nc4 Nc5 42. Kg3 Re7 43. Rb1 Nxa4 44. Rb8 Nc3 45. Rb6+ Ka7 46. Rxc6 a4 47. Nd6 Ne2+ 48. Kf2 Rxe5 49. Rc4 Nf4 50. Rxa4+ Kb8 51. Nf7 Nd3+ 52. Kg3 Rd5 53. Ra6 1-0

[Event "Bayern-ch"]
[Site "Bad Griesbach"]
[Date "2016.08.27"]
[Round "9"]
[White "Schmid, Roland1111"]
[Black "Ott, Florian"]
[Result "0-1"]
[WhiteElo "2338"]
[BlackElo "2246"]
[PlyCount "60"]
[EventDate "2016.08.21"]
[EventType "swiss"]
[EventRounds "9"]
[EventCountry "GER"]
[SourceTitle "EXT 2022"]
[Source "ChessBase"]
[SourceDate "2021.10.06"]
[SourceVersion "1"]
[SourceVersionDate "2021.10.06"]
[SourceQuality "1"]

1. Nf3 c5 2. c4 g6 3. e4 Nc6 4. d4 cxd4 5. Nxd4 Nf6 6. Nc3 Nxd4 7. Qxd4 d6 8. Be2 Bg7 9. Be3 0-0 10. Qd2 a5 11. 0-0 a4 12. Rac1 Qa5 13. f3 Be6 14. Nd5 Qxd2 15. Nxe7+ Kh8 16. Bxd2 Rfe8 17. Nd5 Nxd5 18. cxd5 Bxd5 19. Bb5 Re5 20. exd5 Rxd5 21. Bxa4 Rxd2 22. Bb3 Re8 23. Rfd1 Rxb2 24. Rxd6 Bh6 25. Rcd1 Ree2 26. Rd8+ Kg7 27. R8d7 Be3+ 28. Kh1 Rxg2 29. Rxf7+ Kh6 30. Rxb7 Rxh2# 0-1

[Event "Stuttgart-chA int"]
[Site "Ditzingen"]
[Date "2016.05.06"]
[Round "3"]
[White "Maiorov, Nikita"]
[Black "Ott, Florian"]
[Result "1-0"]
[WhiteElo "2538"]
[BlackElo "2255"]
[PlyCount "46"]
[EventDate "2016.05.05"]
[EventType "swiss"]
[EventRounds "7"]
[EventCountry "GER"]
[SourceTitle "EXT 2018"]
[Source "ChessBase"]
[SourceDate "2017.10.13"]
[SourceVersion "1"]
[SourceVersionDate "2017.10.13"]
[SourceQuality "1"]

1. d4 Nf6 2. c4 e6 3. Nf3 b6 4. e3 Bb7 5. Nc3 Bb4 6. Bd3 Ne4 7. 0-0 f5 8. Ne2 0-0 9. a3 Bd6 10. b4 Qf6 11. Ne1 Qh6 12. f4 Be7 13. Bb2 d6 14. Rc1 Nd7 15. d5 Nef6 16. Rf3 exd5 17. cxd5 Bd8 18. Bc4 Ng4 19. h3 Bf6 20. Bd4 Bh4 21. g3 Bf6 22. hxg4 fxg4 23. Rf2 Rf7 1-0

[Event "BL2-Ost 1516"]
[Site "Germany"]
[Date "2016.01.31"]
[Round "8.5"]
[White "Ott, Florian"]
[Black "Gasthofer, Viktor"]
[Result "1/2-1/2"]
[WhiteElo "2317"]
[BlackElo "2309"]
[PlyCount "115"]
[EventDate "2015.09.20"]
[EventType "team-tourn"]
[EventRounds "9"]
[EventCountry "GER"]
[SourceTitle "CBM 171 Extra"]
[Source "ChessBase"]
[SourceDate "2016.04.26"]
[SourceVersion "1"]
[SourceVersionDate "2016.04.26"]
[SourceQuality "1"]
[WhiteTeam "Forchheim"]
[BlackTeam "Bad Mergentheim"]
[WhiteTeamCountry "GER"]
[BlackTeamCountry "GER"]

1. d4 e6 2. c4 d5 3. Nc3 Nf6 4. cxd5 exd5 5. Bg5 c6 6. e3 Bf5 7. Qf3 Bg6 8. Bxf6 Qxf6 9. Qxf6 gxf6 10. Nf3 Nd7 11. Nh4 Be7 12. g3 Nb6 13. f3 a5 14. Kf2 0-0 15. Rc1 Rfe8 16. Be2 a4 17. Rhd1 Nc8 18. Bd3 Nd6 19. g4 Bd8 20. Ne2 Bb6 21. f4 Bxd3 22. Rxd3 Ra5 23. Ng3 Rb5 24. b3 axb3 25. axb3 Ra8 26. Nhf5 Ra2+ 27. Kg1 Nxf5 28. Nxf5 Bc7 29. Rc5 Rxc5 30. dxc5 Kf8 31. b4 Ke8 32. Rb3 b6 33. cxb6 Bxb6 34. h4 Kd7 35. h5 Ke6 36. Kf1 Kd7 37. Nh6 Ke6 38. Rc3 Kd7 39. Nxf7 Rb2 40. g5 fxg5 41. Ne5+ Ke8 42. fxg5 Bd8 43. g6 hxg6 44. hxg6 Bf6 45. Rxc6 Bxe5 46. Re6+ Kf8 47. Rxe5 Rxb4 48. Rxd5 Kg7 49. Rd6 Rb2 50. e4 Rb4 51. Re6 Rb2 52. e5 Rg2 53. Rd6 Rg5 54. e6 Re5 55. Kf2 Kxg6 56. Kf3 Kf6 57. Kf4 Rxe6 58. Rxe6+ 1/2-1/2

[Event "Bayernliga U20 1516"]
[Site "Bayern"]
[Date "2015.12.19"]
[Round "3.1"]
[White "Ott, Florian"]
[Black "Weber, Daniel"]
[Result "1/2-1/2"]
[WhiteElo "2267"]
[BlackElo "2103"]
[PlyCount "75"]
[EventDate "2015.11.21"]
[EventType "team-tourn"]
[EventRounds "7"]
[EventCountry "GER"]
[SourceTitle "EXT 2022"]
[Source "ChessBase"]
[SourceDate "2021.10.06"]
[SourceVersion "1"]
[SourceVersionDate "2021.10.06"]
[SourceQuality "1"]
[WhiteTeam "Forchheim SC U20"]
[BlackTeam "Bechhofen U20"]
[WhiteTeamCountry "GER"]
[BlackTeamCountry "GER"]

1. d4 d5 2. c4 e6 3. Nc3 c5 4. cxd5 exd5 5. Nf3 Nc6 6. dxc5 d4 7. Na4 Bxc5 8. Nxc5 Qa5+ 9. Bd2 Qxc5 10. b4 Nxb4 11. Rc1 Qd6 12. e3 Nc6 13. Nxd4 Nxd4 14. Bc3 Nf6 15. Qxd4 Qxd4 16. Bxd4 0-0 17. Be2 Be6 18. a3 b6 19. f3 Rac8 20. Kd2 Nd7 21. Ba6 Rcd8 22. Ke2 Nb8 23. Bd3 Rc8 24. g4 Rfd8 25. Be4 Rxc1 26. Rxc1 Rc8 27. Rxc8+ Bxc8 28. Kd2 Bd7 29. Bd3 Nc6 30. Bc3 Ne7 31. e4 Be6 32. Ke3 f6 33. Bb5 Ng6 34. a4 Kf7 35. a5 bxa5 36. Bxa5 Ne5 37. Bc7 Bd7 38. Ba6 1/2-1/2